Nursing Education: (Record no. 592)

MARC details
000 -LEADER
Fixed length control field 00566nam a2200193Ia 4500
003 - CONTROL NUMBER IDENTIFIER
Control field IIN
005 - DATE AND TIME OF LATEST TRANSACTION
Control field 20240124154503.0
008 - FIXED-LENGTH DATA ELEMENTS--GENERAL INFORMATION
Fixed length control field 231217s9999 xx 000 0 und d
020 ## - INTERNATIONAL STANDARD BOOK NUMBER / ISBN
Price Rs.350.00
International Standard Book Number 9788184482102
040 ## - CATALOGING SOURCE
Original cataloging agency IIN
Language of cataloging English
082 ## - DEWEY DECIMAL CLASSIFICATION NUMBER
Classification number 610.7307
Book Number MOY
100 1# - MAIN ENTRY--PERSONAL NAME
Personal name Moyer, Barbara A.
245 1# - TITLE STATEMENT
Title Nursing Education:
Sub title Foundation for Practice Excellence
Statement of responsibility Barbara A. Moyer and Ruth A. Wittmann-Price
260 ## - IMPRINT
Name of publisher Jaypee
Place of publication New Delhi
Date of publication 2008
300 ## - PHYSICAL DESCRIPTION
Page / Vol. No xix, 320 p.
650 1# - SUBJECT ADDED ENTRY--TOPICAL TERM
Topical term Education
Form subdivision Nursing
700 1# - ADDED ENTRY--PERSONAL NAME
Personal name Wittmann-Price, Ruth A.
942 ## - ADDED ENTRY ELEMENTS (KOHA)
Koha item type Books
Holdings
Withdrawn status Lost status Source of classification Damaged status Not for loan Collection code Home library Current library Date acquired Price Total Checkouts Call number Accession number Date last seen Price effective from Koha item type
    Dewey Decimal Classification       IDEAL INSTITUTE OF NURSING IDEAL INSTITUTE OF NURSING 17/12/2023 350.00   610.7307 MOY 587 17/12/2023 17/12/2023 Books
    Dewey Decimal Classification       IDEAL INSTITUTE OF NURSING IDEAL INSTITUTE OF NURSING 17/12/2023 350.00   610.7307 MOY 588 17/12/2023 17/12/2023 Books
    Dewey Decimal Classification       IDEAL INSTITUTE OF NURSING IDEAL INSTITUTE OF NURSING 17/12/2023 350.00   610.7307 MOY 589 17/12/2023 17/12/2023 Books
© Ideal Institute Of Nursing, All rights reserved.         Powered by Koha